000 01310nam a2200325 i 4500
001 12244
003 KOSZ 005
005 20200630132826.0
008 070620s1969 pl a f 100 0 pol
015 _aPB 1969/2019
040 _aWA N
_cKOSZ 005/RW
_dKOSZ 005/RW
041 0 _apol
_aeng
_ager
_aros
_beng
080 _a621.38(061.3)
111 2 _aKrajowe Sympozjum Elektroniki Półprzewodników
_n(2 ;
_d1967 ;
_cWarszawa).
245 1 0 _aElektronika półprzewodników :
_bmateriały II krajowego sympozjum elektroniki półprzewodników, Warszawa marzec 1967 /
_cred. S. A. Ignatowicz.
260 _aWarszawa :
_bPaństwowe Wydawnictwo Naukowe,
_c1969.
300 _a579 s. :
_bil., err. ;
_c25 cm.
380 _aKsiążki.
490 1 _aBiblioteka Elektroniki ;
_v8.
504 _aBibliogr. przy pracach.
546 _aTekst częśc. ang., niem., ros. Streszcz. ang.
650 4 _aElektronika
650 4 _aPółprzewodniki
655 4 _aMateriały konferencyjne
700 1 _aIgnatowicz, Stanisław Andrzej
_d(1933-1993)
_eRedakcja
710 2 _aPaństwowe Wydawnictwo Naukowe
_4pbl.
830 0 _aBiblioteka Elektroniki,
_v8.
856 _uhttp://koha.tu.koszalin.pl/cgi-bin/koha/opac-detail.pl?biblionumber=12244
_yKatalog online BPK
942 _2UKD
_cKS
999 _c12244
_d12244